000 00859nam a2200253Ia 4500
003 OSt
005 20220925200154.0
006 a|||||r|||| 00| 0
007 ta
008 220923b |||||||| |||| 00| 0 eng d
037 _cGeneral Book
040 _aRTL
_cRTL
_beng
041 _2eng
_aeng
082 _aV73:19.2.N47<--N39, K8.1
100 _aKhair Abul
_9256900
245 0 _aUnited States foreign policy in the Indo-Pakistan Subcontinent (1939-1947) V.1
260 _aDacca
_bAsiatic Society Pakistan 'East' Bangladesh
_c1968
300 _aviii, 136p
_ccm.
490 _aAsiatic Society of Pakistan, Publication No.22; 22
500 _aBibliography: P 117-28; Index:P.129-36
650 _aForeign Policy United States
_9240537
942 _hV73:19.2.N47<--N39, K8.1
_cGB
_2CC
999 _c535649
_d535649